000 00655nam a2200277Ia 4500
005 20260324134002.0
008 008 260324s9999 xx 000 0 eng d
020 _a9780203246764
037 _aEBOOK
040 _aCRL
040 _beng
040 _cCRL
041 _2eng
041 _aeng
084 _qCRL
100 _aJack W.E. Masterman
_91195141
245 3 _aAn Introduction to Building Procurement Systems
260 _bTaylor and Francis
260 _c2002
365 _a
365 _b340
856 _uhttp://www.taylorfrancis.com/books/9780203246764
942 _cEBOOK
999 _c1794744
_d1794744